000 00386 a2200169 4500
001 191529
020 _a978-85-16-07497-5
040 _cMagnum
100 _aBandeira, Pedro
240 1 0 _aCidinha e a pulga da cidinha
_lpor
245 1 0 _aCidinha e a pulga da cidinha
300 _a23
362 0 _a2012
440 1 _aModerna
697 _aLITERATURA INFANTO-JUVENIL
942 _cBK
999 _c191529
_d191529